Filosofía de la educación (Record no. 24464)

MARC details
000 -CABECERA
campo de control de longitud fija 00823nam a2200241 a 4500
003 - IDENTIFICADOR DEL NÚMERO DE CONTROL
campo de control MX-MxUPN
005 - FECHA Y HORA DE LA ÚLTIMA TRANSACCIÓN
campo de control 20260221063939.0
008 - ELEMENTOS DE LONGITUD FIJA--INFORMACIÓN GENERAL
campo de control de longitud fija 991125s1967 ag r 000 0 spa d
035 ## - NÚMERO DE CONTROL DEL SISTEMA
Número de control de sistema UPN01000024464
040 ## - FUENTE DE LA CATALOGACIÓN
Centro catalogador/agencia de origen MX-MxUPN
Lengua de catalogación spa
Centro/agencia transcriptor MX-MxUPN
041 1# - CÓDIGO DE IDIOMA
Código de lengua del texto/banda sonora o título independiente spa
050 14 - SIGNATURA TOPOGRÁFICA DE LA BIBLIOTECA DEL CONGRESO
Número de clasificación LB42
Número de documento/Ítem P438 1967
245 00 - MENCIÓN DE TÍTULO
Título Filosofía de la educación
250 ## - MENCIÓN DE EDICIÓN
Mención de edición Sexta edición.
260 ## - PUBLICACIÓN, DISTRIBUCIÓN, ETC.
Lugar de publicación, distribución, etc. Buenos Aires :
Nombre del editor, distribuidor, etc. Losada,
Fecha de publicación, distribución, etc. 1967.
300 ## - DESCRIPCIÓN FÍSICA
Extensión 269 páginas
490 0# - MENCIÓN DE SERIE
Mención de serie Publicaciones de la Revista de Pedagógia. Biblioteca pedagógica
500 ## - NOTA GENERAL
Nota general Traducción de: Philosophies of education
650 #4 - ASIENTO SECUNDARIO DE MATERIA - TERMINO TEMATICO
Término de materia o nombre geográfico como elemento de entrada Educación
Subdivisión general Filosofía
9 (RLIN) 4994
700 1# - ASIENTO SECUNDARIO--NOMBRE DE PERSONAL
Nombre de persona Kilpatrick, William Heard,
Fechas asociadas al nombre 1871-1965‡
9 (RLIN) 28830
710 2# - ASIENTO SECUNDARIO - NOMBRE CORPORATIVO
Nombre de entidad corporativa o nombre de jurisdicción como elemento de entrada Centro Nacional de Documentación e Información Educativa (México)
9 (RLIN) 51353
Término indicativo de función/relación propietario anterior
942 ## - ELEMENTOS DE PUNTO DE ACCESO ADICIONAL (KOHA)
Fuente del sistema de clasificación o colocación Library of Congress Classification
Tipo de ítem Koha Libro
Holdings
Estado de retiro Estado de pérdida Fuente del sistema de clasificación o colocación Estado dañado No para préstamo Código de colección Localización permanente Ubicación/localización actual Ubicación en estantería Fecha de adquisición Clasificación Código de barras Fecha visto por última vez Tipo de ítem Koha Nota pública
    Library of Congress Classification   Disponible (Previa cita) Fondo Reservado de libros Bib. Gregorio Torres Quintero Bib. Gregorio Torres Quintero Sala de Fondos Reservados Planta alta 12/09/2024 LB42 P438 1967 8486 31/12/2020 Libro Ejemplar con sello del Centro Nacional de Documentación e Información Educativa